[Event "XXVI Festival Conca della Presolana A"]
[Site "Bratto - Castione della Presolana ITA"]
[Date "2006.08.19"]
[Round "1"]
[White "Stips, Felix"]
[Black "Ceccarini, Marco"]
[Result "1/2-1/2"]
[WhiteElo "1874"]
[BlackElo "2140"]
[PlyCount "59"]
[EventDate "2006.08.19"]

1. e4 e6 2. d4 d5 3. Nc3 Bb4 4. Nge2 dxe4 5. a3 Be7 6. Nxe4 Nf6 7. N2g3 O-O 8.
Bg5 Nxe4 9. Bxe7 Qxe7 10. Nxe4 e5 11. d5 f5 12. d6 Qh4 13. Qd5+ Kh8 14. Nc3
cxd6 15. Qxd6 Rd8 16. Qxe5 Nc6 17. Qc7 f4 18. Rd1 Rxd1+ 19. Kxd1 Qxf2 20. Bd3
Bg4+ 21. Kc1 Re8 22. Nd1 Bxd1 23. Rxd1 Qe3+ 24. Kb1 Qe5 25. Qf7 Nd8 26. Qf5
Qxf5 27. Bxf5 Nc6 28. Rd7 Re7 29. Rxe7 Nxe7 30. Be4 1/2-1/2

[Event "XXVI Festival Conca della Presolana A"]
[Site "Bratto - Castione della Presolana ITA"]
[Date "2006.08.19"]
[Round "1"]
[White "Temi, Walter"]
[Black "Brunello, Sabino"]
[Result "1/2-1/2"]
[WhiteElo "2105"]
[BlackElo "2391"]
[PlyCount "53"]
[EventDate "2006.08.19"]

1. e4 e5 2. Nf3 Nc6 3. Nc3 Nf6 4. Bb5 Nd4 5. Nxd4 exd4 6. e5 Qe7 7. O-O Ng8 8.
Nd5 Qd8 9. Re1 c6 10. Nf6+ gxf6 11. exf6+ Ne7 12. d3 d5 13. Bg5 Be6 14. Qh5 Kd7
15. fxe7 Bxe7 16. Bxe7 Qxe7 17. Ba4 Rhg8 18. f4 Qf6 19. Qe5 Qxe5 20. Rxe5 f6
21. Rh5 Rg7 22. c3 dxc3 23. bxc3 b5 24. Bc2 Bg4 25. Rh4 Re8 26. d4 Bf3 27. Rxh7
1/2-1/2

[Event "XXVI Festival Conca della Presolana A"]
[Site "Bratto - Castione della Presolana ITA"]
[Date "2006.08.19"]
[Round "1"]
[White "Tomba, Ivan"]
[Black "Burani, Eugenio"]
[Result "1-0"]
[WhiteElo "2227"]
[BlackElo "2034"]
[PlyCount "59"]
[EventDate "2006.08.19"]

1. e4 c5 2. Nf3 Nf6 3. Nc3 Nc6 4. d4 d5 5. exd5 Nxd5 6. Nxd5 Qxd5 7. Be3 cxd4
8. Nxd4 Nxd4 9. Qxd4 Qxd4 10. Bxd4 Bd7 11. Be2 f6 12. f4 e6 13. O-O Bd6 14.
Rae1 Ke7 15. Bc4 g6 16. Re2 Rhc8 17. Bxe6 Bxe6 18. Rfe1 Bc5 19. Rxe6+ Kf7 20.
Bxc5 Rxc5 21. Re7+ Kg8 22. c3 Rb5 23. b3 Rf8 24. Rd7 Rf7 25. Ree7 Rxe7 26. Rxe7
h5 27. Kf2 a5 28. Ke3 b6 29. c4 Rb4 30. Kd4 1-0

[Event "XXVI Festival Conca della Presolana A"]
[Site "Bratto - Castione della Presolana ITA"]
[Date "2006.08.19"]
[Round "1"]
[White "Tramalloni, Luca"]
[Black "Salvador, Roland"]
[Result "0-1"]
[WhiteElo "2114"]
[BlackElo "2420"]
[PlyCount "62"]
[EventDate "2006.08.19"]

1. d4 d5 2. c4 dxc4 3. Nf3 Nf6 4. e3 e6 5. Bxc4 a6 6. O-O c5 7. dxc5 Bxc5 8.
Qxd8+ Kxd8 9. b3 Ke7 10. Bb2 Rd8 11. Nbd2 Nc6 12. a3 b5 13. Be2 Bb7 14. Rfc1
Bd6 15. Rc2 Rac8 16. Rac1 Na7 17. b4 Rxc2 18. Rxc2 Ne4 19. Bd4 Nxd2 20. Nxd2
Nc6 21. Bb6 Rb8 22. Nb3 Nxb4 23. axb4 Bd5 24. Bc7 Bxb3 25. Rc3 Bxc7 26. Rxc7+
Kf6 27. Bf3 Rd8 28. g3 Rd2 29. Ra7 Bc4 30. Rxa6 Rb2 31. Rb6 Rb1+ 0-1

[Event "XXVI Festival Conca della Presolana A"]
[Site "Bratto - Castione della Presolana ITA"]
[Date "2006.08.19"]
[Round "1"]
[White "Voltolini, Giuseppe"]
[Black "Orsi, Massimiliano"]
[Result "1-0"]
[WhiteElo "2216"]
[BlackElo "2025"]
[PlyCount "137"]
[EventDate "2006.08.19"]

1. e4 e5 2. Nf3 Nc6 3. Bc4 Bc5 4. c3 Nf6 5. d3 a6 6. O-O d6 7. Bb3 Bg4 8. Be3
O-O 9. h3 Bh5 10. Nbd2 Kh8 11. g4 Bg6 12. Bg5 h6 13. Bh4 Qd7 14. Bxf6 gxf6 15.
Nh2 Nd8 16. Ndf3 Ne6 17. Nh4 Kh7 18. Qf3 Rae8 19. Qxf6 Nf4 20. Nf5 Bxf5 21.
gxf5 Nxh3+ 22. Kh1 Qd8 23. Ng4 Qxf6 24. Nxf6+ Kg7 25. Nxe8+ Rxe8 26. Kh2 Nf4
27. Rad1 Kf6 28. Rd2 Bb6 29. Rg1 h5 30. Rg3 h4 31. Rg4 Rh8 32. d4 Rh7 33. Bc4
Ba7 34. b4 Bb6 35. a3 Ba7 36. a4 Bb6 37. a5 Ba7 38. Rg8 exd4 39. cxd4 Rg7 40.
Rxg7 Kxg7 41. Kg1 Kf6 42. Kf1 Bb8 43. f3 d5 44. Bd3 c6 45. e5+ Kg5 46. Kf2 Ba7
47. Ke3 h3 48. Bf1 b6 49. axb6 Bxb6 50. Rh2 a5 51. bxa5 Bxa5 52. Bxh3 Bb6 53.
Rh1 Nxh3 54. Rxh3 c5 55. f4+ Kxf5 56. Rh5+ Kg6 57. Rg5+ Kh6 58. Rf5 cxd4+ 59.
Kd3 Kg7 60. Rf6 Bd8 61. Rd6 Bh4 62. Kxd4 Bg3 63. f5 Kf8 64. f6 Kg8 65. Rd8+ Kh7
66. Kxd5 Be1 67. Rf8 Bc3 68. Rxf7+ Kh8 69. Rb7 1-0

[Event "XXVI Festival Conca della Presolana A"]
[Site "Bratto - Castione della Presolana ITA"]
[Date "2006.08.19"]
[Round "1"]
[White "Zucchelli, Massimo"]
[Black "Sax, Gyula"]
[Result "0-1"]
[WhiteElo "2135"]
[BlackElo "2545"]
[PlyCount "56"]
[EventDate "2006.08.19"]

1. d4 Nf6 2. c4 e6 3. Nf3 c5 4. d5 exd5 5. cxd5 d6 6. Nc3 a6 7. a4 g6 8. e4 Bg4
9. Be2 Bxf3 10. Bxf3 Bg7 11. Bf4 O-O 12. O-O Qe7 13. Qc2 Nbd7 14. a5 Ne8 15.
Be3 Nc7 16. Be2 Rfe8 17. Bd3 Rac8 18. Rfe1 Bd4 19. Qb3 Ne5 20. Bb1 Qh4 21. h3
g5 22. Nd1 g4 23. Bxd4 cxd4 24. hxg4 Nxg4 25. Qh3 Qxh3 26. gxh3 Ne5 27. Kg2 Nb5
28. f4 28... Ng6 $138 0-1

[Event "XXVI Festival Conca della Presolana A"]
[Site "Bratto - Castione della Presolana ITA"]
[Date "2006.08.20"]
[Round "2"]
[White "Astengo, Corrado"]
[Black "Casagrande, Fabio"]
[Result "1-0"]
[WhiteElo "2119"]
[BlackElo "2040"]
[PlyCount "87"]
[EventDate "2006.08.19"]

1. e4 e6 2. d3 d5 3. Nd2 Nf6 4. Ngf3 b6 5. e5 Nfd7 6. d4 c5 7. c3 Ba6 8. Bxa6
Nxa6 9. Qe2 Nc7 10. O-O Be7 11. Re1 O-O 12. Nf1 cxd4 13. Nxd4 Nc5 14. Ng3 f5
15. exf6 Bxf6 16. Nh5 e5 17. Nf5 Qe8 18. Be3 Qg6 19. Nxf6+ Qxf6 20. Ng3 d4 21.
cxd4 exd4 22. Bd2 Kh8 23. Bb4 Rae8 24. Qd2 N7e6 25. Bxc5 bxc5 26. Ne4 Qg6 27.
Rac1 Nf4 28. Ng3 Nd3 29. Rxe8 Rxe8 30. Rd1 Nb4 31. a3 Nd5 32. Rc1 Qb6 33. h3
Rc8 34. Qxd4 Nf6 35. Qc3 h6 36. Nf5 Qe6 37. Ne3 Ne4 38. Qc4 Qg6 39. Qd5 Ng5 40.
Qf5 Qc6 41. b4 Ne6 42. bxc5 Nxc5 43. Nd5 Qe8 44. Nf4 1-0

[Event "XXVI Festival Conca della Presolana A"]
[Site "Bratto - Castione della Presolana ITA"]
[Date "2006.08.20"]
[Round "2"]
[White "Astengo, Marcello"]
[Black "Grooten, Herman"]
[Result "0-1"]
[WhiteElo "2109"]
[BlackElo "2362"]
[PlyCount "70"]
[EventDate "2006.08.19"]

1. d4 Nf6 2. c4 e6 3. Nc3 Bb4 4. Qc2 O-O 5. Bg5 h6 6. Bh4 d6 7. Nf3 Nbd7 8. e3
b6 9. Bd3 Bb7 10. O-O Bxc3 11. Qxc3 Qe8 12. Nd2 e5 13. Rad1 e4 14. Be2 Nh7 15.
b4 a5 16. a3 axb4 17. axb4 Qe6 18. Ra1 g5 19. Bg3 f5 20. Rxa8 Bxa8 21. Ra1 Qf6
22. f4 exf3 23. Bxf3 Bxf3 24. Nxf3 Qe7 25. Ra7 Ndf6 26. Qb3 Ne4 27. c5+ Qf7 28.
Qc2 bxc5 29. dxc5 Qd5 30. Rxc7 dxc5 31. bxc5 Ra8 32. Be5 g4 33. Rg7+ Kf8 34.
Rxh7 Qxe5 35. Rf7+ Kg8 0-1

[Event "XXVI Festival Conca della Presolana A"]
[Site "Bratto - Castione della Presolana ITA"]
[Date "2006.08.20"]
[Round "2"]
[White "Beccaris, Gabriele"]
[Black "Milazzo, Mario"]
[Result "1/2-1/2"]
[WhiteElo "2025"]
[BlackElo "2110"]
[PlyCount "171"]
[EventDate "2006.08.19"]

1. e4 e5 2. Nf3 Nc6 3. d4 Nxd4 4. Nxe5 Ne6 5. Bc4 d6 6. Nf3 Be7 7. O-O Nf6 8.
Nc3 O-O 9. Re1 c6 10. a4 Qc7 11. h3 Rd8 12. Qe2 d5 13. exd5 cxd5 14. Bb3 a6 15.
Rd1 d4 16. Ne4 Nxe4 17. Qxe4 Nc5 18. Bf4 Bd6 19. Bxd6 Qxd6 20. Qxd4 Qxd4 21.
Rxd4 Rxd4 22. Nxd4 Bd7 23. a5 Kf8 24. Bd5 Rd8 25. c4 Bc8 26. Rd1 Ke7 27. b4 Nd7
28. Nf5+ Kf6 29. Nd6 Nb8 30. Nxc8 Rxc8 31. Bxb7 Rxc4 32. Rd6+ Ke7 33. Rb6 Nd7
34. Rxa6 Rxb4 35. Ra7 Kd6 36. Bf3 Ne5 37. Be2 Rb2 38. Bf1 Rb1 39. f4 Nc4 40.
Kf2 Rb2+ 41. Kg3 Ne3 42. Bd3 Nxg2 43. Rxf7 Ne1 44. Be4 Re2 45. Bxh7 Ra2 46. Be4
Ra4 47. Bh7 Rxa5 48. Kf2 g5 49. Kxe1 gxf4 50. Bf5 Ra2 51. Bg4 Ke5 52. Be2 Ra3
53. Rh7 f3 54. Bd1 Kf4 55. h4 Ra1 56. Rd7 Ra5 57. Kf2 Ra3 58. Kg1 Ra5 59. Kh2
Rf5 60. Kh3 Ke3 61. Re7+ Kf4 62. Re1 f2 63. Rf1 Ke5 64. Kg3 Rf6 65. Bf3 Kf5 66.
Rxf2 Kg6 67. Ra2 Kh6 68. Be4 Rb6 69. Kg4 Kg7 70. Kg5 Kh8 71. h5 Rb8 72. h6 Re8
73. Bg6 Rb8 74. Ra7 Rb5+ 75. Kf6 Rb6+ 76. Kg5 Rb5+ 77. Bf5 Rb8 78. Rc7 Rd8 79.
Be6 Rf8 80. Bf7 Rb8 81. Rc6 Rd8 82. Kf6 Rb8 83. Ke7 Rb7+ 84. Kf8 Rb8+ 85. Be8
Kh7 86. Kf7 1/2-1/2

[Event "XXVI Festival Conca della Presolana A"]
[Site "Bratto - Castione della Presolana ITA"]
[Date "2006.08.20"]
[Round "2"]
[White "Bresciani, Nicola"]
[Black "Epishin, Vladimir V."]
[Result "0-1"]
[WhiteElo "2290"]
[BlackElo "2555"]
[PlyCount "48"]
[EventDate "2006.08.19"]

1. e4 c5 2. Nf3 e6 3. d4 cxd4 4. Nxd4 a6 5. c4 Nf6 6. Nc3 Qc7 7. Be2 Bb4 8. Qd3
O-O 9. O-O d6 10. f3 Nbd7 11. a3 Ne5 12. Qc2 Ba5 13. Na4 Bd7 14. Be3 b5 15.
cxb5 Qxc2 16. Nxc2 Bxb5 17. Bxb5 axb5 18. Nc3 Rfc8 19. Nb4 Nc4 20. Bf2 Rab8 21.
Nd1 Nd7 22. Rc1 Nc5 23. Bxc5 dxc5 24. Nd3 Nd2 0-1

[Event "XXVI Festival Conca della Presolana A"]
[Site "Bratto - Castione della Presolana ITA"]
[Date "2006.08.20"]
[Round "2"]
[White "Brun, Dario"]
[Black "Fontana, Enrico"]
[Result "1-0"]
[WhiteElo "2040"]
[BlackElo "2122"]
[PlyCount "93"]
[EventDate "2006.08.19"]

1. d4 c5 2. d5 Nf6 3. c4 e6 4. Nc3 exd5 5. cxd5 d6 6. e4 g6 7. f4 Bg7 8. Bb5+
Nfd7 9. a4 a6 10. Bd3 Qh4+ 11. g3 Qd8 12. Nf3 O-O 13. O-O Nf6 14. Qb3 Bh3 15.
Re1 Qc7 16. e5 Ne8 17. e6 Bxc3 18. bxc3 fxe6 19. dxe6 Qe7 20. Rb1 Bg4 21. Ng5
b5 22. axb5 axb5 23. Qxb5 Nc7 24. Qb7 Nba6 25. Bxa6 Rxa6 26. c4 Bf5 27. Rb3
Rfa8 28. Bb2 R6a7 29. Qf3 Ne8 30. g4 h6 31. gxf5 hxg5 32. Qh3 Qh7 33. f6 Nxf6
34. Bxf6 gxf4 35. e7 Qxh3 36. e8=Q+ Rxe8 37. Rxe8+ Kf7 38. Rxh3 Kxf6 39. Rd3
Kf5 40. Rxd6 Ra1+ 41. Kf2 g5 42. Rd5+ Kg4 43. Rxc5 f3 44. Re4+ Kh3 45. Rxg5
Ra2+ 46. Kxf3 Rf2+ 47. Kxf2 1-0

[Event "XXVI Festival Conca della Presolana A"]
[Site "Bratto - Castione della Presolana ITA"]
[Date "2006.08.20"]
[Round "2"]
[White "Brunello, Sabino"]
[Black "Alberton, Roberto"]
[Result "1-0"]
[WhiteElo "2391"]
[BlackElo "2128"]
[PlyCount "63"]
[EventDate "2006.08.19"]

1. e4 e6 2. d4 d5 3. e5 c5 4. c3 Nc6 5. Nf3 Qb6 6. a3 f6 7. Bd3 fxe5 8. Nxe5
Nxe5 9. dxe5 Ne7 10. Nd2 Bd7 11. O-O O-O-O 12. b4 c4 13. Bc2 Kb8 14. Nf3 h6 15.
a4 Qc7 16. a5 g5 17. Re1 Bg7 18. Qe2 Nf5 19. Bxf5 exf5 20. b5 Bxb5 21. Ba3 Rhe8
22. Qb2 Bc6 23. Bd6 Rxd6 24. exd6 Qxd6 25. Rxe8+ Bxe8 26. Rb1 Bc6 27. Nd4 Qd7
28. Qb4 Bxd4 29. cxd4 Qg7 30. Qd6+ Kc8 31. a6 Qd7 32. axb7+ 1-0

[Event "XXVI Festival Conca della Presolana A"]
[Site "Bratto - Castione della Presolana ITA"]
[Date "2006.08.20"]
[Round "2"]
[White "Burani, Eugenio"]
[Black "Tramalloni, Luca"]
[Result "1/2-1/2"]
[WhiteElo "2034"]
[BlackElo "2114"]
[PlyCount "100"]
[EventDate "2006.08.19"]

1. e4 e6 2. d4 d5 3. e5 c5 4. c3 Nc6 5. Nf3 Qb6 6. a3 a5 7. Be2 Bd7 8. O-O Nh6
9. b3 Nf5 10. Bb2 cxd4 11. cxd4 Be7 12. Qd3 O-O 13. g4 Nh4 14. Nxh4 Bxh4 15.
Nd2 Be7 16. Nf3 Na7 17. Qe3 Bb5 18. Bxb5 Nxb5 19. a4 Na7 20. h4 Nc6 21. h5 Nb4
22. Rac1 Rac8 23. Rxc8 Rxc8 24. Rc1 Rc6 25. Rxc6 Qxc6 26. Qc3 Na2 27. Qxa5 h6
28. Qd2 Bb4 29. Qd3 Nc1 30. Bxc1 Qxc1+ 31. Kg2 Qf4 32. Kh3 Qe4 33. Qxe4 dxe4
34. Ng1 Kf8 35. Ne2 Be1 36. Kg3 e3 37. Kg2 exf2 38. Nf4 Bc3 39. Ne2 Be1 40. Nf4
Ke8 41. d5 Bd2 42. Nd3 exd5 43. Kxf2 Kd7 44. Ke2 Bc3 45. Nf4 Kc6 46. Nd3 b6 47.
Kf3 Kd7 48. Nf4 Kc6 49. Nd3 Kd7 50. Nf4 Kc6 1/2-1/2

[Event "XXVI Festival Conca della Presolana A"]
[Site "Bratto - Castione della Presolana ITA"]
[Date "2006.08.20"]
[Round "2"]
[White "Castaldo, Folco"]
[Black "Frilli, Guido"]
[Result "1/2-1/2"]
[WhiteElo "2336"]
[BlackElo "2154"]
[PlyCount "95"]
[EventDate "2006.08.19"]

1. e4 c5 2. Nf3 Nc6 3. d4 cxd4 4. Nxd4 Nf6 5. Nc3 e5 6. Ndb5 d6 7. Bg5 a6 8.
Na3 b5 9. Bxf6 gxf6 10. Nd5 Bg7 11. c3 f5 12. exf5 Bxf5 13. Nc2 Be6 14. g3 O-O
15. Bg2 a5 16. O-O Rb8 17. Qe2 f5 18. Rad1 Kh8 19. Rd2 e4 20. f3 Ne5 21. Nce3
exf3 22. Bxf3 Nxf3+ 23. Qxf3 Qg5 24. a3 Be5 25. Nf4 Bf7 26. Rdf2 b4 27. axb4
axb4 28. Nfd5 Bh5 29. Qg2 bxc3 30. bxc3 Bg6 31. Qh3 Bxc3 32. Nxc3 Qxe3 33. Nd5
Qg5 34. Nf4 Rbe8 35. Nxg6+ Qxg6 36. Rxf5 Rxf5 37. Qxf5 Qxf5 38. Rxf5 Kg7 39.
Rd5 Re6 40. Kf2 Rh6 41. h4 Kf7 42. Kf3 Ke6 43. Ra5 Rf6+ 44. Ke4 Rg6 45. Kf4
Rf6+ 46. Kg5 Rg6+ 47. Kf4 Rf6+ 48. Kg5 1/2-1/2

[Event "XXVI Festival Conca della Presolana A"]
[Site "Bratto - Castione della Presolana ITA"]
[Date "2006.08.20"]
[Round "2"]
[White "Ceccarini, Marco"]
[Black "Johansson, Alexander"]
[Result "0-1"]
[WhiteElo "2140"]
[BlackElo "1921"]
[PlyCount "80"]
[EventDate "2006.08.19"]

1. d4 Nf6 2. Nf3 e6 3. e3 d5 4. Bd3 Be7 5. Nbd2 O-O 6. Ne5 Nbd7 7. f4 c5 8. c3
Qc7 9. O-O a6 10. Rf3 Re8 11. Rh3 Nf8 12. g4 N6d7 13. Ndf3 b5 14. Qc2 g6 15. f5
exf5 16. gxf5 Nxe5 17. Nxe5 c4 18. fxg6 fxg6 19. Bf1 Bxh3 20. Bxh3 Bd6 21. Ng4
Nd7 22. Bg2 Kg7 23. Bxd5 h5 24. Bxa8 Rxa8 25. Qg2 Rf8 26. Ne5 Bxe5 27. dxe5
Nxe5 28. Bd2 Nf3+ 29. Kh1 Qd7 30. Be1 Qd3 31. Bg3 Qxe3 32. Rd1 h4 33. Bd6 Rf5
34. Rf1 Qe4 35. h3 Qd3 36. Bc7 Rf7 37. Bb6 Qd6 38. Rxf3 Qd1+ 39. Kh2 Qxf3 40.
Bd4+ Kh7 0-1

[Event "XXVI Festival Conca della Presolana A"]
[Site "Bratto - Castione della Presolana ITA"]
[Date "2006.08.20"]
[Round "2"]
[White "Crippa, Gabriele"]
[Black "Andreolini, Mauro"]
[Result "0-1"]
[WhiteElo "2078"]
[BlackElo "2195"]
[PlyCount "130"]
[EventDate "2006.08.19"]

1. d4 d5 2. Nf3 Nf6 3. e3 e6 4. Bd3 Bd6 5. Nbd2 c5 6. c3 Nc6 7. O-O O-O 8. dxc5
Bxc5 9. e4 dxe4 10. Nxe4 Nxe4 11. Bxe4 h6 12. b4 Bd6 13. Qe2 Qc7 14. Bb2 Bd7
15. Rad1 Rfd8 16. Bb1 Be8 17. Qe4 g6 18. a3 Ne5 19. Rxd6 Nxf3+ 20. Qxf3 Qxd6
21. c4 e5 22. Qe3 Rd7 23. Bxe5 Qe7 24. Qc3 f5 25. c5 Bf7 26. Bf6 Qe2 27. Bc2
Re8 28. Bb3 Bxb3 29. Qxb3+ Qe6 30. Qc3 Kh7 31. g3 Qd5 32. b5 Re2 33. Qb4 Re4
34. Qc3 Rc4 35. Qe3 Qe4 36. c6 bxc6 37. bxc6 Rxc6 38. Qxe4 fxe4 39. Bb2 Rc2 40.
Bc1 Re2 41. Be3 Ra2 42. Bc5 Rad2 43. Re1 Rd1 44. Kf1 Rxe1+ 45. Kxe1 Kg7 46. h4
Kf6 47. Ke2 Ke5 48. Be3 h5 49. Bc1 Rd3 50. a4 Kd5 51. a5 Kc4 52. Bd2 Ra3 53.
Be1 Kb5 54. Bd2 Rxa5 55. Bxa5 Kxa5 56. Ke3 Kb4 57. Kxe4 a5 58. Kf4 a4 59. Kg5
a3 60. Kxg6 a2 61. Kxh5 a1=Q 62. f4 Qf6 63. Kg4 Kc4 64. f5 Kd4 65. Kf4 Qe5+ 0-1

[Event "XXVI Festival Conca della Presolana A"]
[Site "Bratto - Castione della Presolana ITA"]
[Date "2006.08.20"]
[Round "2"]
[White "Cugini, Verter"]
[Black "Stips, Felix"]
[Result "1-0"]
[WhiteElo "2209"]
[BlackElo "1874"]
[PlyCount "77"]
[EventDate "2006.08.19"]

1. e4 c5 2. g3 d5 3. exd5 Qxd5 4. Nf3 Bg4 5. Bg2 Qe4+ 6. Kf1 Nc6 7. Nc3 Qc4+ 8.
d3 Qa6 9. h3 Bxf3 10. Bxf3 Nf6 11. Kg2 e6 12. Be3 Be7 13. a3 Nd4 14. b4 Rb8 15.
Ne4 Nxe4 16. Bxe4 f5 17. bxc5 Bf6 18. c3 Nb5 19. Bf3 Bxc3 20. a4 Nd4 21. Rc1
Qa5 22. Bxd4 Bxd4 23. c6 bxc6 24. Bxc6+ Kf7 25. Rc4 Rhd8 26. Re1 g6 27. Qe2 e5
28. Rec1 Rb2 29. R4c2 Rdb8 30. Bb5 Rxc2 31. Qxc2 Rb7 32. Qb3+ Kg7 33. Qd5 Rc7
34. Rxc7+ Qxc7 35. Bc4 Bc5 36. g4 Kh6 37. gxf5 gxf5 38. Qe6+ Kg5 39. h4+ 1-0

[Event "XXVI Festival Conca della Presolana A"]
[Site "Bratto - Castione della Presolana ITA"]
[Date "2006.08.20"]
[Round "2"]
[White "D'Apa, Matteo"]
[Black "Lapenna, Antonio"]
[Result "0-1"]
[WhiteElo "2020"]
[BlackElo "2079"]
[PlyCount "100"]
[EventDate "2006.08.19"]

1. d4 Nf6 2. c4 g6 3. Nc3 Bg7 4. e4 d6 5. f3 O-O 6. Be3 c5 7. d5 e6 8. Qd2 exd5
9. exd5 Re8 10. O-O-O a6 11. Bh6 Bh8 12. h4 b5 13. g4 Nbd7 14. h5 Nb6 15. hxg6
fxg6 16. Nh3 Nfd7 17. Ng5 Nf6 18. Qh2 Ra7 19. Bd3 bxc4 20. Bc2 Re5 21. Bxg6
hxg6 22. Bf8 Nh5 23. gxh5 Qxg5+ 24. f4 Qxh5 25. fxe5 Qxh2 26. Rxh2 Bxe5 27. Rf2
Bd4 28. Rff1 Be3+ 29. Kc2 Bf5+ 30. Rxf5 gxf5 31. Bxd6 Rd7 32. Be5 Kf7 33. b3
Kg6 34. bxc4 Nxc4 35. Bh2 Bd4 36. Bg1 Ne3+ 37. Bxe3 Bxe3 38. Kd3 f4 39. Kc4 Kf5
40. Na4 f3 41. d6 f2 42. Kd5 Bf4 43. Rf1 Rxd6+ 44. Kxc5 Rd2 45. a3 Be3+ 46. Kc4
Rd4+ 47. Kb3 Kf4 48. Nc3 Kf3 49. Nd1 Rxd1 50. Rxd1 Ke2 0-1

[Event "XXVI Festival Conca della Presolana A"]
[Site "Bratto - Castione della Presolana ITA"]
[Date "2006.08.20"]
[Round "2"]
[White "Di Fonzo, Valerio"]
[Black "Borgo, Giulio"]
[Result "0-1"]
[WhiteElo "2202"]
[BlackElo "2414"]
[PlyCount "72"]
[EventDate "2006.08.19"]

1. e4 c5 2. Nf3 e6 3. d4 cxd4 4. Nxd4 Nf6 5. Nc3 d6 6. Be2 Nc6 7. Be3 a6 8. a4
Bd7 9. O-O Be7 10. f4 Nxd4 11. Qxd4 Bc6 12. Bf3 O-O 13. a5 Nd7 14. Qd2 Qc7 15.
Kh1 Rac8 16. Qf2 Bf6 17. Ra3 Bxc3 18. Bb6 Nxb6 19. axb6 Bd4 20. Qxd4 Qe7 21. c4
e5 22. Qd2 exf4 23. Qxf4 Qe5 24. Qxe5 dxe5 25. Rd1 Rfd8 26. Rad3 Rxd3 27. Rxd3
Be8 28. h3 Kf8 29. Bg4 Rc6 30. c5 Rxc5 31. Rd8 Ke7 32. Rb8 Bc6 33. Rc8 Rb5 34.
Rc7+ Kf6 35. Be2 Rxb6 36. Bc4 Rxb2 0-1

[Event "XXVI Festival Conca della Presolana A"]
[Site "Bratto - Castione della Presolana ITA"]
[Date "2006.08.20"]
[Round "2"]
[White "Djabri, Katherine"]
[Black "Ricca, Giorgio"]
[Result "1-0"]
[WhiteElo "2009"]
[BlackElo "2078"]
[PlyCount "144"]
[EventDate "2006.08.19"]

1. e4 e5 2. Nf3 Nf6 3. Nc3 Nc6 4. Bb5 Nd4 5. Ba4 Nxf3+ 6. Qxf3 c6 7. O-O Bc5 8.
d3 d6 9. h3 Be6 10. Bb3 Qe7 11. Na4 Bb4 12. Be3 Ba5 13. Rfd1 O-O 14. Nc3 Rad8
15. Ne2 d5 16. Ng3 Ne8 17. Qh5 Bc7 18. Rf1 g6 19. Qe2 f5 20. exf5 gxf5 21. f4
e4 22. Qf2 b6 23. Rae1 c5 24. Bc1 b5 25. c3 c4 26. dxc4 dxc4 27. Bc2 Bb6 28.
Be3 Bxe3 29. Qxe3 Nf6 30. Ne2 h5 31. Nd4 Rd5 32. Qg3+ Kh7 33. Qh4 Rf7 34. Bd1
Kh8 35. Re3 Rg7 36. Rg3 Rxg3 37. Qxg3 Bf7 38. Qe3 Qd7 39. Bc2 Ng8 40. Re1 Qd6
41. Kf2 h4 42. Rg1 Ne7 43. g4 hxg3+ 44. Qxg3 Qf6 45. Qg5 Qxg5 46. Rxg5 Kh7 47.
Ke3 Bg6 48. h4 Kh6 49. Bd1 Rd6 50. Kf2 b4 51. Be2 bxc3 52. bxc3 e3+ 53. Kxe3
Nd5+ 54. Kd2 Nxf4 55. Bxc4 Nh3 56. Rg3 Nf2 57. Rf3 Ne4+ 58. Kc2 Rf6 59. Bd3 f4
60. Ne2 Rc6 61. Rxf4 Nf6 62. Bxg6 Kxg6 63. Ra4 a6 64. Ra5 Ne4 65. Re5 Nd6 66.
Nd4 Rb6 67. Re6+ Kf7 68. h5 Nc4 69. Rxb6 Nxb6 70. Kb3 a5 71. c4 Kg7 72. c5 Nc8
1-0

[Event "XXVI Festival Conca della Presolana A"]
[Site "Bratto - Castione della Presolana ITA"]
[Date "2006.08.20"]
[Round "2"]
[White "Drasko, Milan"]
[Black "Ferretti, Folco"]
[Result "1-0"]
[WhiteElo "2521"]
[BlackElo "2254"]
[PlyCount "73"]
[EventDate "2006.08.19"]

1. d4 Nf6 2. c4 e6 3. Nc3 Bb4 4. Qc2 O-O 5. a3 Bxc3+ 6. Qxc3 Ne4 7. Qc2 f5 8.
e3 b6 9. Ne2 Bb7 10. f3 Qh4+ 11. g3 Qe7 12. Bg2 Nf6 13. O-O c5 14. b3 d6 15.
Bb2 Nbd7 16. Rad1 Rac8 17. Rfe1 a6 18. Nc3 Qf7 19. dxc5 dxc5 20. Rd6 Rc6 21.
Rd2 Rc7 22. Qd1 Bc6 23. Qe2 e5 24. e4 fxe4 25. fxe4 Re8 26. Bh3 Nf8 27. Nd5 Rb7
28. Rf1 Bd7 29. Bf5 Bxf5 30. Rxf5 N8d7 31. Qd3 Re6 32. Rdf2 Qe8 33. h3 b5 34.
Bc3 h6 35. Ba5 Rd6 36. Nxf6+ Rxf6 37. Qd5+ 1-0

[Event "XXVI Festival Conca della Presolana A"]
[Site "Bratto - Castione della Presolana ITA"]
[Date "2006.08.20"]
[Round "2"]
[White "Efimov, Igor"]
[Black "Pace, Pietro Dario"]
[Result "1-0"]
[WhiteElo "2439"]
[BlackElo "2228"]
[PlyCount "57"]
[EventDate "2006.08.19"]

1. d4 d5 2. c4 c6 3. Nf3 Nf6 4. e3 a6 5. Bd2 e6 6. Qc2 Nbd7 7. Nc3 b5 8. cxd5
Nxd5 9. Nxd5 cxd5 10. a4 b4 11. Bd3 Be7 12. O-O h6 13. a5 O-O 14. Qc6 Ra7 15.
Qa4 Nb8 16. Bxb4 Bxb4 17. Qxb4 Rb7 18. Qa3 Bd7 19. Ne5 Bb5 20. Rfc1 f6 21. Ng6
Re8 22. Bxb5 Rxb5 23. Rc5 Qd7 24. Rac1 Rxc5 25. Qxc5 Qa4 26. h4 Qb3 27. Qb6 Qd3
28. Nf4 Qd2 29. Rc8 1-0

[Event "XXVI Festival Conca della Presolana A"]
[Site "Bratto - Castione della Presolana ITA"]
[Date "2006.08.20"]
[Round "2"]
[White "Gangemi, Salvatore"]
[Black "Salmoiraghi, Angelo"]
[Result "1/2-1/2"]
[WhiteElo "2077"]
[BlackElo "2015"]
[PlyCount "75"]
[EventDate "2006.08.19"]

1. c4 d6 2. g3 Nf6 3. Bg2 e5 4. Nc3 c6 5. e4 Nbd7 6. Nge2 Be7 7. O-O O-O 8. d4
Re8 9. h3 Nf8 10. Be3 Ng6 11. Qb3 Qc7 12. Rac1 Bd7 13. d5 c5 14. Qd1 a6 15. a4
h6 16. f4 exf4 17. Nxf4 Ne5 18. b3 Rab8 19. Nd3 Ng6 20. e5 dxe5 21. Ne4 Nxe4
22. Bxe4 f5 23. Rxf5 Bxf5 24. Bxf5 e4 25. Qg4 exd3 26. Qxg6 Bg5 27. Qh7+ Kf8
28. Bf4 Bxf4 29. Rf1 d2 30. Be6 Rxe6 31. dxe6 d1=Q 32. Qh8+ Ke7 33. Qxg7+ Kxe6
34. Qg6+ Kd7 35. Rxd1+ Bd6 36. Qf7+ Kc6 37. Qd5+ Kd7 38. Qf7+ 1/2-1/2

[Event "XXVI Festival Conca della Presolana A"]
[Site "Bratto - Castione della Presolana ITA"]
[Date "2006.08.20"]
[Round "2"]
[White "Groszpeter, Attila"]
[Black "Ferro, Mario"]
[Result "1-0"]
[WhiteElo "2511"]
[BlackElo "2238"]
[PlyCount "65"]
[EventDate "2006.08.19"]

1. e4 g6 2. d4 Bg7 3. Nc3 c6 4. Nf3 d5 5. Bf4 Bg4 6. h3 Bxf3 7. Qxf3 dxe4 8.
Nxe4 Nf6 9. c3 Qd5 10. Nxf6+ Bxf6 11. Qg3 Nd7 12. Be2 Qe4 13. Be3 e5 14. O-O
O-O 15. Bf3 Qc2 16. Rfc1 Qa4 17. d5 Rfe8 18. dxc6 bxc6 19. Rd1 Rad8 20. b3 Qa6
21. Qg4 h5 22. Qe4 Re6 23. g4 Be7 24. g5 Qa5 25. Be2 Nc5 26. Qc4 Nb7 27. Qa6
Qc7 28. Qxa7 Qc8 29. Ba6 Red6 30. Rxd6 Rxd6 31. Qxb7 Qxh3 32. Qc8+ Qxc8 33.
Bxc8 1-0

[Event "XXVI Festival Conca della Presolana A"]
[Site "Bratto - Castione della Presolana ITA"]
[Date "2006.08.20"]
[Round "2"]
[White "Guanciale, Orazio"]
[Black "Raselli, Claudio"]
[Result "1-0"]
[WhiteElo "2156"]
[BlackElo "2034"]
[PlyCount "79"]
[EventDate "2006.08.19"]

1. d4 Nf6 2. Nc3 d5 3. Bg5 e6 4. e4 dxe4 5. Nxe4 Be7 6. Bxf6 Bxf6 7. Nf3 O-O 8.
Qd2 Nc6 9. c3 b6 10. Bd3 Bb7 11. Nxf6+ Qxf6 12. Ng5 g6 13. f4 Ne7 14. O-O Rad8
15. Qe3 h6 16. Ne4 Bxe4 17. Bxe4 Nf5 18. Qe2 h5 19. Rae1 a5 20. g3 Kg7 21. Bg2
Rd7 22. Qf3 Rfd8 23. Re5 Rd5 24. Rfe1 Qe7 25. Bh3 Rxe5 26. Rxe5 f6 27. Re1 Rd5
28. Qe2 Kf7 29. Bg2 Rd6 30. Be4 Qd7 31. Bxf5 exf5 32. Qc4+ Kg7 33. a3 Rd5 34.
b4 b5 35. Qe2 Kf7 36. bxa5 c5 37. a6 cxd4 38. cxd4 Rxd4 39. a7 Qxa7 40. Qe8+
1-0